00246nam a2200097Ia 4500008004100000082001200041100002800053245003500081260001900116600001300135241002s9999 xx 000 0 und d a297 MIS aMisbah ul Islam, Faruqi 0aJewish Conspiracy Muslim World aKarachi:c1967 aReligion